[Event "GER-chT U20 Girls"]
[Site "Osnabrueck"]
[Date "2011.12.28"]
[Round "4.1"]
[White "Tran, My Linh"]
[Black "Bachem, Sabrina"]
[Result "1-0"]
[WhiteElo "2013"]
[BlackElo "1450"]
[PlyCount "49"]
[EventDate "2011.12.27"]
[EventType "team-swiss"]
[EventRounds "7"]
[EventCountry "GER"]
[SourceTitle "CBM 146 Extra"]
[Source "ChessBase"]
[SourceDate "2012.02.29"]
[SourceVersion "1"]
[SourceVersionDate "2012.02.29"]
[SourceQuality "1"]
[WhiteTeam "Dortmund 1875 (W)"]
[BlackTeam "Fritzdorf (W)"]
[WhiteTeamCountry "GER"]
[BlackTeamCountry "GER"]

1. e4 e5 2. Nf3 Nc6 3. Bc4 Bc5 4. c3 Nf6 5. d3 0-0 6. Bb3 d6 7. h3 h6 8. Nbd2 Qe7 9. Nf1 Be6 10. Bc2 Rad8 11. Ng3 d5 12. Qe2 Rfe8 13. 0-0 Nd7 14. Re1 Bb6 15. Nh2 Nf8 16. Ng4 Qd7 17. exd5 Bxd5 18. Nh5 Qf5 19. Nhf6+ Kh8 20. Nxe8 Rxe8 21. d4 e4 22. Ne3 Qe6 23. Nxd5 Qxd5 24. Bxe4 Qd6 25. d5 1-0

[Event "GER-chT U20 Girls"]
[Site "Magdeburg"]
[Date "2010.12.30"]
[Round "7.1"]
[White "Erben, Larissa"]
[Black "Bachem, Sabrina"]
[Result "1/2-1/2"]
[WhiteElo "2065"]
[BlackElo "1497"]
[PlyCount "82"]
[EventDate "2010.12.27"]
[EventType "team-swiss"]
[EventRounds "7"]
[EventCountry "GER"]
[SourceTitle "CBM 140 Extra"]
[Source "ChessBase"]
[SourceDate "2011.03.01"]
[SourceVersion "1"]
[SourceVersionDate "2011.03.01"]
[SourceQuality "1"]
[WhiteTeam "Stuttgart Wolfbusch"]
[BlackTeam "Fritzdorf"]
[WhiteTeamCountry "GER"]
[BlackTeamCountry "GER"]

1. e4 e5 2. Nf3 Nc6 3. Bb5 d6 4. 0-0 Nf6 5. Re1 Bd7 6. c3 Be7 7. d4 a6 8. Ba4 b5 9. Bc2 0-0 10. h3 Qc8 11. Nh2 Ne8 12. a4 Na7 13. Nd2 c5 14. Ndf3 Bf6 15. Be3 Rb8 16. dxc5 dxc5 17. b4 cxb4 18. cxb4 Nc6 19. Bc5 Be7 20. Bxe7 Nxe7 21. Nxe5 Nf6 22. Rc1 Qb7 23. Nxd7 Qxd7 24. Qxd7 Nxd7 25. axb5 axb5 26. Nf3 Nc6 27. Red1 Nb6 28. Bd3 Nxb4 29. Bxb5 Nc8 30. Bd7 Ne7 31. Ne5 Rfd8 32. Ba4 h6 33. Rb1 Rxd1+ 34. Bxd1 Nec6 35. Nxc6 Nxc6 36. Rxb8+ Nxb8 37. g4 Kf8 38. Kg2 Ke7 39. Kf3 Nd7 40. Ke3 g5 41. Kd4 Kd6 1/2-1/2

[Event "GER-chT U20 Girls"]
[Site "Magdeburg"]
[Date "2010.12.29"]
[Round "6.1"]
[White "Wilke, Tabea"]
[Black "Bachem, Sabrina"]
[Result "0-1"]
[WhiteElo "994"]
[BlackElo "1497"]
[PlyCount "106"]
[EventDate "2010.12.27"]
[EventType "team-swiss"]
[EventRounds "7"]
[EventCountry "GER"]
[SourceTitle "CBM 140 Extra"]
[Source "ChessBase"]
[SourceDate "2011.03.01"]
[SourceVersion "1"]
[SourceVersionDate "2011.03.01"]
[SourceQuality "1"]
[WhiteTeam "Hattersheim"]
[BlackTeam "Fritzdorf"]
[WhiteTeamCountry "GER"]
[BlackTeamCountry "GER"]

1. e4 e5 2. Nf3 Nc6 3. Bb5 d6 4. h3 Bd7 5. 0-0 Nf6 6. d3 Be7 7. Re1 0-0 8. Nbd2 a6 9. Ba4 b5 10. Bb3 Na5 11. Nf1 c5 12. c3 Bc6 13. Ng3 Bd7 14. d4 Qc7 15. Nf5 Bxf5 16. exf5 e4 17. Ng5 Nxb3 18. axb3 d5 19. Re3 h6 20. Rg3 Bd6 21. f4 hxg5 22. Qf1 Bxf4 23. Bxf4 Qxf4 24. Qxf4 gxf4 25. Rg5 cxd4 26. cxd4 e3 27. Kf1 Rfc8 28. Rb1 Rc2 29. Ke1 Rac8 30. h4 Rc1+ 31. Rxc1 Rxc1+ 32. Ke2 Ne4 33. f6 Nxf6 34. Rf5 Rc2+ 35. Kd1 e2+ 36. Ke1 Ne4 37. Rxf4 Ng3 38. Kf2 Rc1 39. Kxg3 e1Q+ 40. Kg4 Qe6+ 41. Kg3 Re1 42. h5 Qh6 43. b4 Qg5+ 44. Kf2 Qxf4+ 45. Kxe1 Qxd4 46. Kf1 Qxb2 47. g4 d4 48. g5 d3 49. h6 gxh6 50. gxh6 Qe2+ 51. Kg1 d2 52. h7+ Kxh7 53. Kh1 d1R# 0-1

[Event "GER-chT U20 Girls"]
[Site "Magdeburg"]
[Date "2010.12.28"]
[Round "4.1"]
[White "Bachem, Sabrina"]
[Black "Schmalhorst, Sophia"]
[Result "0-1"]
[WhiteElo "1497"]
[BlackElo "1862"]
[PlyCount "80"]
[EventDate "2010.12.27"]
[EventType "team-swiss"]
[EventRounds "7"]
[EventCountry "GER"]
[SourceTitle "CBM 140 Extra"]
[Source "ChessBase"]
[SourceDate "2011.03.01"]
[SourceVersion "1"]
[SourceVersionDate "2011.03.01"]
[SourceQuality "1"]
[WhiteTeam "Fritzdorf"]
[BlackTeam "Rossdorf"]
[WhiteTeamCountry "GER"]
[BlackTeamCountry "GER"]

1. e4 e5 2. Nf3 Nc6 3. Bc4 Bc5 4. Nc3 Nf6 5. d3 d6 6. 0-0 h6 7. h3 Be6 8. Nd5 Qd7 9. Nh2 Bxd5 10. Bxd5 Nxd5 11. exd5 Ne7 12. Qf3 Qf5 13. Qe4 0-0-0 14. Bd2 Qxe4 15. dxe4 f5 16. c4 fxe4 17. Rae1 Nf5 18. Kh1 e3 19. Bxe3 Bxe3 20. g4 Bd4 21. gxf5 Rhf8 22. b3 Rxf5 23. f3 Rdf8 24. Re4 Rf4 25. Rxf4 Rxf4 26. Kg2 Bb6 27. Re1 c6 28. dxc6 bxc6 29. Rd1 Kd7 30. Ng4 Ke6 31. Re1 Bc5 32. Re2 Kf5 33. Ne3+ Bxe3 34. Rxe3 Rd4 35. Re2 Kf4 36. Kf2 d5 37. cxd5 cxd5 38. Kg2 Rd3 39. Rf2 Ke3 40. Kg3 Rd2 0-1

[Event "GER-ch U25 op"]
[Site "Willingen"]
[Date "2009.06.04"]
[Round "7"]
[White "Kulling, Markus"]
[Black "Bachem, Sabrina"]
[Result "1/2-1/2"]
[WhiteElo "1451"]
[BlackElo "1599"]
[PlyCount "95"]
[EventDate "2009.05.30"]
[EventType "swiss"]
[EventRounds "9"]
[EventCountry "GER"]
[SourceTitle "EXT 2010"]
[Source "ChessBase"]
[SourceDate "2010.11.25"]
[SourceVersion "1"]
[SourceVersionDate "2010.11.25"]
[SourceQuality "1"]

1. d4 Nf6 2. Nf3 d5 3. e3 e6 4. c4 c6 5. Nc3 Nbd7 6. Bd3 Be7 7. Qe2 0-0 8. 0-0 a6 9. cxd5 cxd5 10. e4 dxe4 11. Nxe4 b5 12. Qc2 Bb7 13. Neg5 h6 14. Nh3 Qb6 15. Be3 Qd6 16. Nf4 g5 17. Ne2 Bxf3 18. gxf3 Rac8 19. Qd2 Qd5 20. h4 Kh8 21. hxg5 hxg5 22. Kg2 g4 23. Rh1+ Kg8 24. Ng1 gxf3+ 25. Nxf3 Ne4 26. Qd1 f5 27. Qg1 Kf7 28. Rh7+ Ke8 29. Kf1 Ndf6 30. Qg6+ Kd8 31. Rf7 Rxf7 32. Qxf7 Ng4 33. Bf4 Nd6 34. Bxd6 Bxd6 35. Ke2 Be7 36. b3 Kd7 37. Rh1 Rf8 38. Qg7 Nf6 39. Rh8 Rxh8 40. Qxh8 Ne4 41. Ne5+ Kc7 42. Qe8 Qd6 43. Ke3 Nc3 44. Qa8 Bg5+ 45. f4 Nd5+ 46. Kf3 Bxf4 47. Qa7+ Kc8 48. Qa8+ 1/2-1/2

[Event "GER-ch U25 op"]
[Site "Willingen"]
[Date "2009.05.30"]
[Round "1"]
[White "Mueller, Jan Hendrik"]
[Black "Bachem, Sabrina"]
[Result "1-0"]
[WhiteElo "2090"]
[BlackElo "1599"]
[PlyCount "59"]
[EventDate "2009.05.30"]
[EventType "swiss"]
[EventRounds "9"]
[EventCountry "GER"]
[SourceTitle "EXT 2010"]
[Source "ChessBase"]
[SourceDate "2010.11.25"]
[SourceVersion "1"]
[SourceVersionDate "2010.11.25"]
[SourceQuality "1"]

1. c4 e5 2. Nc3 Nf6 3. g3 g6 4. Bg2 Bg7 5. e4 Nc6 6. Nge2 0-0 7. 0-0 d6 8. d3 Ne7 9. h3 c5 10. f4 Ne8 11. Be3 f5 12. Kh2 Rb8 13. a3 b6 14. b4 Bb7 15. Ra2 Nc7 16. fxe5 cxb4 17. exd6 Qxd6 18. Bf4 Be5 19. Bxe5 Qxe5 20. axb4 a6 21. d4 Qd6 22. c5 bxc5 23. bxc5 Qd7 24. d5 Nb5 25. c6 Nxc6 26. dxc6 Qxc6 27. Nd5 Qe6 28. exf5 gxf5 29. Nef4 Qf7 30. Re2 1-0

[Event "NRW-ch U16 Girls"]
[Site "Kranenburg"]
[Date "2009.04.16"]
[Round "6"]
[White "Deichsler, Janina"]
[Black "Bachem, Sabrina"]
[Result "1/2-1/2"]
[WhiteElo "1137"]
[BlackElo "1325"]
[PlyCount "77"]
[EventDate "2009.04.13"]
[EventType "swiss"]
[EventRounds "7"]
[EventCountry "GER"]
[SourceTitle "EXT 2010"]
[Source "ChessBase"]
[SourceDate "2010.11.25"]
[SourceVersion "1"]
[SourceVersionDate "2010.11.25"]
[SourceQuality "1"]

1. e4 c5 2. d3 e6 3. Nd2 Nc6 4. Ngf3 d6 5. g3 Nf6 6. Bg2 Be7 7. 0-0 0-0 8. Re1 e5 9. Nf1 b5 10. Ne3 a6 11. Bd2 h6 12. Nd5 Be6 13. Nxe7+ Qxe7 14. Be3 Rac8 15. c3 Qd7 16. d4 exd4 17. cxd4 cxd4 18. Nxd4 Nxd4 19. Qxd4 Rc4 20. Qa7 Qxa7 21. Bxa7 d5 22. exd5 Bxd5 23. Bxd5 Nxd5 24. Rad1 Ra8 25. Rxd5 Rxa7 26. b3 Rc2 27. a4 Rb2 28. axb5 Rxb3 29. bxa6 Rxa6 30. Re7 Rf6 31. h4 Rb8 32. f4 g6 33. h5 Rf8 34. hxg6 fxg6 35. Rdd7 R8f7 36. Rxf7 Rxf7 37. Rxf7 Kxf7 38. g4 Kf6 39. Kg2 1/2-1/2

[Event "GER-chT U20 Girls"]
[Site "Arendsee"]
[Date "2008.12.29"]
[Round "4.2"]
[White "Bachem, Sabrina"]
[Black "Bluebaum, Johanna"]
[Result "0-1"]
[WhiteElo "1368"]
[BlackElo "1958"]
[PlyCount "102"]
[EventDate "2008.12.27"]
[EventType "team-swiss"]
[EventRounds "5"]
[EventCountry "GER"]
[SourceTitle "EXT 2010"]
[Source "ChessBase"]
[SourceDate "2010.11.25"]
[SourceVersion "1"]
[SourceVersionDate "2010.11.25"]
[SourceQuality "1"]
[WhiteTeam "Fritzdorf Gruen Weiss U20 Girls"]
[BlackTeam "Porz SG U20 Girls"]
[WhiteTeamCountry "GER"]
[BlackTeamCountry "GER"]

1. e4 e6 2. d4 d5 3. exd5 exd5 4. Nf3 Bg4 5. Be2 Bd6 6. Nc3 Ne7 7. Ne5 Bxe2 8. Qxe2 0-0 9. 0-0 Nbc6 10. Nxc6 Nxc6 11. Be3 Re8 12. Qf3 Ne7 13. Nb5 Ng6 14. Nxd6 Qxd6 15. Rfe1 c6 16. c3 Re4 17. Bd2 Rae8 18. Re3 Nh4 19. Qh3 Qe6 20. Qxe6 R8xe6 21. Rae1 Rxe3 22. Rxe3 Rxe3 23. Bxe3 f5 24. f3 Kf7 25. Kf2 a6 26. g3 Ng6 27. b3 b5 28. h4 h5 29. Bd2 Nf8 30. Bf4 Ne6 31. Be3 f4 32. gxf4 Kg6 33. Kg3 Kf5 34. Bd2 c5 35. Be3 cxd4 36. cxd4 b4 37. Kg2 Nxf4+ 38. Kf2 a5 39. Bd2 Ne6 40. Be3 Nc7 41. Bd2 Nb5 42. Ke3 g5 43. hxg5 Kxg5 44. Kd3+ Kf5 45. Be1 Nc3 46. Bxc3 bxc3 47. Kxc3 h4 48. b4 axb4+ 49. Kxb4 h3 50. a4 h2 51. a5 h1Q 0-1

[Event "GER-chT U20 Girls"]
[Site "Arendsee"]
[Date "2008.12.28"]
[Round "2.2"]
[White "Bachem, Sabrina"]
[Black "Weiss, Katharina"]
[Result "0-1"]
[WhiteElo "1368"]
[BlackElo "1651"]
[PlyCount "42"]
[EventDate "2008.12.27"]
[EventType "team-swiss"]
[EventRounds "5"]
[EventCountry "GER"]
[SourceTitle "EXT 2010"]
[Source "ChessBase"]
[SourceDate "2010.11.25"]
[SourceVersion "1"]
[SourceVersionDate "2010.11.25"]
[SourceQuality "1"]
[WhiteTeam "Fritzdorf Gruen Weiss U20 Girls"]
[BlackTeam "Hettstedt U20 Girls"]
[WhiteTeamCountry "GER"]
[BlackTeamCountry "GER"]

1. e4 c5 2. Nf3 d6 3. d4 cxd4 4. Nxd4 Nf6 5. Nc3 g6 6. Be3 Bg7 7. Qd2 0-0 8. Bc4 Ng4 9. 0-0-0 Nxe3 10. Qxe3 Nc6 11. Nce2 Qc7 12. f4 Nxd4 13. Rxd4 e5 14. Bxf7+ Rxf7 15. Rd3 Be6 16. Ra3 Rc8 17. Rc3 exf4 18. Rxc7 fxe3 19. Rxc8+ Bxc8 20. Ng3 Rf2 21. Rg1 Be5 0-1

[Event "GER-chT U20 Girls"]
[Site "Arendsee"]
[Date "2008.12.28"]
[Round "3.2"]
[White "Farokhpey, Sarah"]
[Black "Bachem, Sabrina"]
[Result "1/2-1/2"]
[WhiteElo "1612"]
[BlackElo "1368"]
[PlyCount "103"]
[EventDate "2008.12.27"]
[EventType "team-swiss"]
[EventRounds "5"]
[EventCountry "GER"]
[SourceTitle "EXT 2010"]
[Source "ChessBase"]
[SourceDate "2010.11.25"]
[SourceVersion "1"]
[SourceVersionDate "2010.11.25"]
[SourceQuality "1"]
[WhiteTeam "Ergolding U20 Girls"]
[BlackTeam "Fritzdorf Gruen Weiss U20 Girls"]
[WhiteTeamCountry "GER"]
[BlackTeamCountry "GER"]

1. d4 Nf6 2. c4 g6 3. Nc3 Bg7 4. Nf3 d6 5. e3 0-0 6. Be2 Nbd7 7. 0-0 c6 8. Bd2 e5 9. Qc2 Re8 10. dxe5 Nxe5 11. Nxe5 dxe5 12. e4 Be6 13. Rfd1 Qc7 14. h3 Rad8 15. Be3 b6 16. a4 Rxd1+ 17. Rxd1 Rd8 18. Rxd8+ Qxd8 19. a5 Qc7 20. axb6 axb6 21. Na4 c5 22. Nc3 Qb7 23. Qd3 Qd7 24. b3 Qxd3 25. Bxd3 h5 26. Na4 Nd7 27. Kf1 Bf6 28. Ke2 g5 29. Kd2 h4 30. Be2 Be7 31. Kc3 f5 32. exf5 Bxf5 33. Bd3 Bxd3 34. Kxd3 Kf7 35. Nc3 Bd8 36. Ne4 Kg6 37. Bd2 Be7 38. f3 Nb8 39. Nc3 Bd8 40. Ke4 Nc6 41. Ne2 Nd4 42. Nxd4 exd4 43. b4 Be7 44. bxc5 bxc5 45. Bc1 Kf6 46. Ba3 Ke6 47. Bc1 Kf6 48. Ba3 Ke6 49. Bc1 Bd8 50. Bd2 Be7 51. Bc1 Bd8 52. Bd2 1/2-1/2

[Event "NRW-ch U16 Girls"]
[Site "Kranenburg"]
[Date "2008.03.25"]
[Round "3"]
[White "Bachem, Sabrina"]
[Black "Wild, Katharina"]
[Result "0-1"]
[WhiteElo "1198"]
[BlackElo "1675"]
[PlyCount "72"]
[EventDate "2008.03.24"]
[EventType "swiss"]
[EventRounds "7"]
[EventCountry "GER"]
[SourceTitle "EXT 2009"]
[Source "ChessBase"]
[SourceDate "2008.11.26"]
[SourceVersion "1"]
[SourceVersionDate "2008.11.26"]
[SourceQuality "1"]

1. e4 c6 2. Nf3 d5 3. exd5 cxd5 4. d4 Bf5 5. Bf4 Nc6 6. Nc3 Nf6 7. Bb5 a6 8. Ba4 b5 9. Bb3 e6 10. Ne5 Rc8 11. 0-0 Be7 12. h3 0-0 13. Re1 Nxe5 14. Bxe5 Nd7 15. Bf4 Nb6 16. a3 Nc4 17. Bxc4 Rxc4 18. Qd2 Qa5 19. Rec1 Rfc8 20. Qe3 Qb6 21. Qg3 Bf6 22. Be5 Bxe5 23. Qxe5 Qxd4 24. Qxd4 Rxd4 25. Kh2 Rd2 26. f3 d4 27. Ne4 Bxe4 28. fxe4 Rcxc2 29. Rxc2 Rxc2 30. Rd1 e5 31. b3 Rc3 32. Rb1 g6 33. a4 b4 34. a5 Kg7 35. Kg1 f5 36. exf5 gxf5 0-1

[Event "GER-chT U14 Girls"]
[Site "Stuttgart"]
[Date "2007.12.30"]
[Round "7.4"]
[White "Bachem, Sabrina"]
[Black "Wilkens, Samantha"]
[Result "1-0"]
[WhiteElo "1162"]
[BlackElo "980"]
[PlyCount "47"]
[EventDate "2007.12.27"]
[EventType "team-swiss"]
[EventRounds "7"]
[EventCountry "GER"]
[SourceTitle "EXT 2009"]
[Source "ChessBase"]
[SourceDate "2008.11.26"]
[SourceVersion "1"]
[SourceVersionDate "2008.11.26"]
[SourceQuality "1"]
[WhiteTeam "Fritzdorf Gruen Weiss U14 Girls"]
[BlackTeam "Stader SV U14 Girls"]
[WhiteTeamCountry "GER"]
[BlackTeamCountry "GER"]

1. e4 d6 2. Nf3 Nf6 3. Nc3 g6 4. d4 Bg7 5. Bc4 0-0 6. Bf4 Nbd7 7. Qe2 Re8 8. Ng5 e6 9. 0-0-0 h6 10. Nf3 Nh5 11. Bg3 Nxg3 12. hxg3 e5 13. dxe5 dxe5 14. Nh4 Qf6 15. Nd5 Qd8 16. Qf3 c6 17. Nc7 b5 18. Bxf7+ Kh7 19. Nxe8 Qe7 20. Nxg7 Qc5 21. g4 Bb7 22. Rxd7 Rb8 23. Bg8+ Kxg8 24. Qf7+ 1-0

[Event "GER-chT U14 Girls"]
[Site "Stuttgart"]
[Date "2007.12.28"]
[Round "3.4"]
[White "Popova, Alena"]
[Black "Bachem, Sabrina"]
[Result "0-1"]
[WhiteElo "729"]
[BlackElo "1162"]
[PlyCount "86"]
[EventDate "2007.12.27"]
[EventType "team-swiss"]
[EventRounds "7"]
[EventCountry "GER"]
[SourceTitle "EXT 2009"]
[Source "ChessBase"]
[SourceDate "2008.11.26"]
[SourceVersion "1"]
[SourceVersionDate "2008.11.26"]
[SourceQuality "1"]
[WhiteTeam "Porz SG U14 Girls"]
[BlackTeam "Fritzdorf Gruen Weiss U14 Girls"]
[WhiteTeamCountry "GER"]
[BlackTeamCountry "GER"]

1. e4 e5 2. Nf3 Nc6 3. Bc4 Nf6 4. d3 Bc5 5. Ng5 d5 6. exd5 Nxd5 7. Nd2 Qxg5 8. Ne4 Qxg2 9. Rf1 Bh3 10. Kd2 Qxf1 11. Qxf1 Bxf1 12. Bxd5 Bb6 13. Ke1 Bg2 14. Nd6+ cxd6 15. Bxg2 Nd4 16. Kd1 Rc8 17. c3 Nc6 18. a3 Bxf2 19. Bg5 f6 20. Bd2 0-0 21. Kc2 b5 22. Be4 f5 23. Bd5+ Kh8 24. Rf1 Bh4 25. Be6 Rce8 26. Bxf5 g6 27. Bh6 Rxf5 28. Rxf5 gxf5 29. b4 f4 30. Kb3 f3 31. Be3 f2 32. Bxf2 Bxf2 33. c4 bxc4+ 34. dxc4 e4 35. b5 Nd4+ 36. Kb4 e3 37. a4 e2 38. Ka5 e1Q+ 39. Ka6 Qa1 40. Kxa7 Qxa4+ 41. Kb7 Re7+ 42. Kb8 Qa7+ 43. Kc8 Qa8# 0-1

[Event "GER-chT U14 Girls"]
[Site "Stuttgart"]
[Date "2007.12.27"]
[Round "1.3"]
[White "Schulze, Tabea"]
[Black "Bachem, Sabrina"]
[Result "0-1"]
[WhiteElo "858"]
[BlackElo "1162"]
[PlyCount "92"]
[EventDate "2007.12.27"]
[EventType "team-swiss"]
[EventRounds "7"]
[EventCountry "GER"]
[SourceTitle "EXT 2009"]
[Source "ChessBase"]
[SourceDate "2008.11.26"]
[SourceVersion "1"]
[SourceVersionDate "2008.11.26"]
[SourceQuality "1"]
[WhiteTeam "Endingen U14 Girls"]
[BlackTeam "Fritzdorf Gruen Weiss U14 Girls"]
[WhiteTeamCountry "GER"]
[BlackTeamCountry "GER"]

1. e4 e5 2. Nf3 Nc6 3. Bc4 Bc5 4. c3 Nf6 5. d4 exd4 6. cxd4 Bb4+ 7. Nc3 Nxe4 8. 0-0 Nxc3 9. Bxf7+ Kxf7 10. Qb3+ Kf8 11. bxc3 Be7 12. d5 Na5 13. Qb5 b6 14. d6 cxd6 15. Qf5+ Bf6 16. Qd5 Bb7 17. Qxd6+ Qe7 18. Ba3 Qxd6 19. Bxd6+ Kf7 20. Rab1 Nc4 21. Rfd1 Bxf3 22. gxf3 Nxd6 23. Rxd6 Rad8 24. c4 Rhe8 25. Kf1 Be5 26. Rd5 Bxh2 27. Rf5+ Kg6 28. Rbb5 h6 29. Rh5 Bd6 30. Rh4 Bc5 31. Rg4+ Kh7 32. Rb1 Re6 33. Re1 Rxe1+ 34. Kxe1 Re8+ 35. Re4 Rf8 36. Ke2 g5 37. a4 Rf4 38. Re5 Rxc4 39. Re4 Rc2+ 40. Kf1 Rxf2+ 41. Kg1 Rxf3+ 42. Kg2 Rf2+ 43. Kg3 Ra2 44. Kg4 Kg6 45. Rc4 Ra3 46. Re4 h5# 0-1